Tratado de derecho penal común vigente en Alemania

Guardat en:
Dades bibliogràfiques
Autor principal: Anselm Ritter von Feuerbach, Paul Johann (Autor)
Format: Llibre
Idioma:espanyol
Publicat: Buenos Aires Hammurabi 1989
Edició:2a. ed
Col·lecció:Colección Criminalistas Perennes, 1
Matèries:
Etiquetes: Afegir etiqueta
Sense etiquetes, Sigues el primer a etiquetar aquest registre!

MARC

LEADER 00000nam a2200000 a 4500
001 UCM6366
003 CL-VaPUC
008 021108e19890100AG |||||||||||||||||spa|d
082 0 4 |a 345.943  |b ANS  |2 21 
100 0 |a Anselm Ritter von Feuerbach, Paul Johann  |e author  |9 472164 
245 1 0 |a Tratado de derecho penal común vigente en Alemania 
250 |a 2a. ed 
300 |a 415 p 
942 |c BK 
945 |d 20021108 00:00:00  |a vberengu 
260 |a Buenos Aires  |b Hammurabi  |c 1989 
500 |a El texto contiene un Apéndice que incluye el Código Penal para el Reino de Baviera 
650 7 |a DERECHO PENAL  |2 CL-VaPUC  |9 11 
650 0 |a Penas   |9 255927 
650 0 |a Delitos  |9 224143 
651 0 |a Alemania  |9 255688 
583 |a last modification  |c 20021108 00:00:00  |k Rodrigo Vera 
490 0 |a Colección Criminalistas Perennes, 1 
999 |c 301776  |d 301774 
952 |0 0  |1 0  |4 0  |6 345_943000000000000_ANS_1989  |7 0  |8 A  |9 361413  |a BIBDER  |b BIBDER  |d 2019-11-21  |i 3859185  |l 1  |o 345.943 ANS 1989  |p 3859185  |r 2023-12-15  |s 2023-12-04  |w 2019-11-21  |y BK  |k DER